| 000 | 00447cam a2200145u 4500 | ||
|---|---|---|---|
| 082 |
_a628 _bDES _cL-23, P-12 |
||
| 100 | 1 |
_aDeshpande, Raghunath Shripad, _944129 |
|
| 245 | 0 | 2 | _aA text-book of sanitary engineering (including plumbing) |
| 260 |
_aPona, _bUnited Book Corp. _c[1951-] |
||
| 300 |
_av. _billus. _c23 cm. |
||
| 526 |
_a0 _b0 _c0 _d628_000000000000000_DES |
||
| 650 | 0 |
_aMCE _9379 |
|
| 650 | 0 |
_aSanitary engineering. _92530 |
|
| 942 |
_2ddc _cBK |
||
| 999 |
_c548014 _d548014 |
||